[Event "Montreal 3rd"]
[Site "Montreal"]
[Date "2002.08.03"]
[Round "9"]
[White "Degraeve, Jean Marc"]
[Black "Barsov, Alexei"]
[Result "1-0"]
[WhiteElo "2586"]
[BlackElo "2550"]
[Annotator "Psakhis,L"]
[PlyCount "85"]
[EventDate "2002.07.25"]
[EventType "tourn"]
[EventRounds "11"]
[EventCountry "CAN"]
[EventCategory "11"]
[SourceTitle "CBM 091"]
[Source "ChessBase"]
[SourceDate "2002.11.12"]
[SourceVersion "1"]
[SourceVersionDate "2002.11.12"]
[SourceQuality "1"]

1. e4 {Ftacnik} e6 2. d4 d5 3. e5 c5 4. c3 Nc6 5. Nf3 Bd7 6. Be2 Nge7 7. Na3
cxd4 8. cxd4 Nf5 9. Nc2 Qb6 10. O-O Rc8 (10... Be7 $5) (10... a5) (10... h5)
11. Kh1 $5 {Thank's to efforts of Grischuk, this move became very popular in
many lines of Advanced Variation} (11. g4 Nfe7 12. Nfe1 h5 13. gxh5 Nf5 14. Be3
Nb4 15. Nxb4 Bxb4 16. Nd3 Bf8 $13 {Perez,A-Medina,J/Camajuani 2000}) 11... Nb4
{Ftacnik: 'This kind of solution of the opening problems is not ideal, since
white has a very dangerous strategical plan at his disposal.'} (11... Na5 $5
12. Nfe1 $6 Bb5 13. Nd3 $6 Rxc2 $1 14. Qxc2 Nxd4 15. Qd1 Qa6 $19 {0-1 Borisek,
J-Ulibin,M/Bled op 2002 (28)}) 12. Nxb4 Qxb4 13. a4 a5 (13... Qa5 $142 $5 {
for example} 14. g4 Ne7 15. Bd2 Qd8 16. Ne1 Nc6 17. Nc2 Na5 18. Ne3 Be7 $13 {
1/2-1/2 Averjanov,A-Danin,A/Serpukhov op-A 2002 (34)}) 14. g4 Ne7 (14... Nh6 $5
{Ftacnik} 15. h3 $14) 15. Bd2 Qb6 (15... Qxb2 {Ftacnik} 16. Rb1 (16. Bxa5 {
Ftacnik} Nc6 17. Bd2 Qb6 18. a5 $14) 16... Qa2 17. Rxb7 Bxa4 18. Qa1 Qxa1 19.
Rxa1 Bc6 20. Ra7 a4 21. Bd1 $14) 16. b4 $1 axb4 17. a5 Qd8 $146 {Funny, but
just this move is a new one.} (17... Qc7 18. Bxb4 Ng6 19. Bd2 Be7 20. Qb3 O-O
21. Rfc1 Qb8 22. Rxc8 Bxc8 23. Rc1 $36 {Dvoirys,S-Gleizerov,E/Hoogeveen op
2000/ 1-0 (56)}) 18. Bxb4 {As result of opening Black should have stuck to a
passive defense} h5 {'?!' Ftacnik. Ftacnik: 'Barsov was unhappy about his
destiny, but this antipositional solution is only making matters worse. Dark
squares on the whole board were transfered into white's hands and the bishop
on d7 is permanently handicaped.'} (18... Nc6 {Ftacnik} 19. Bxf8 Rxf8 20. Qb1
$1 f5 21. exf6 Qxf6 22. Qxb7 Rb8 23. Qc7 Rb2 24. Bd1 $16) 19. g5 Nc6 20. Bxf8
Rxf8 $6 {The text move is artificial and throws Black into serious trouble.} ({
White's chances are better and after} 20... Kxf8 $5 {but in this case Black
have better chances for a stubborn defense.}) 21. Qd2 (21. a6 {Ftacnik} bxa6
22. Bxa6 Rb8 23. Qd2 $16) 21... Ra8 22. a6 $1 {Black's pieces are far away
from the queenside, so it's logical for White to attack exactly there} bxa6 23.
Bxa6 {[%csl Re8]} Rb8 (23... Nb8 {Ftacnik} 24. Bd3 $16) 24. Bd3 Qe7 (24... Nb4
{Ftacnik} 25. Rfb1 Nxd3 26. Qxd3 Rxb1+ (26... g6 {Ftacnik} 27. Ra7 $16) 27.
Rxb1 Qc8 (27... g6 {Ftacnik} 28. Rb7 $16) 28. g6 f6 29. Qe3 $16) 25. Qe3 Kd8 {
[%mdl 256] '!?' Ftacnik. Ftacnik: 'Paradoxal decision, black monarch is
hurrying to safety on the open queenside! The main idea is naturally to give
own pieces some chance to achieve a semblance of some coordination. '} (25...
f6 {Ftacnik} 26. Rfb1 Rxb1+ 27. Bxb1 $16) 26. Rfc1 Kc7 27. Ra7+ $5 (27. Ra6 {
Ftacnik} Rfc8 28. g6 $16) 27... Rb7 28. Rxb7+ Kxb7 29. Bb5 {Formally Black has
material parity, but his pieces are useless and cannot safe their king.} Na7 (
29... Rc8 30. Qb3 Na5 31. Bc6+ Ka7 (31... Kc7 32. Bxd5+ Kd8 33. Qb6+ Ke8 34.
Rxc8+ Bxc8 35. Ba8 $5) 32. Qa4 Qd8 33. Rc5 Bxc6 34. Rxa5+ Kb7 $16) 30. Be2 Ka8
31. Ra1 Rb8 32. Ne1 $1 {[%cal Ge2h5,Ge1d3,Gd3c5] By relocating this knight to
the queenside, White greatly increases his advantage in force on that flank,
improving his chances for a successful attack there} g6 33. Nd3 Bb5 34. Nc5 $18
{[%csl Ga1,Ra8,Gc5] Now White have all the trumbs in one's hand and rest is
quite simple.} Bxe2 35. Qxe2 Rb6 36. Qa2 {Ftacnik: 'The defender is doomed, as
white pieces can maximize the pressure at no risk and cost.'} Qc7 37. h4 $5 {
White don't need to hurry.} Rb5 38. Qa6 Rb6 (38... Rb4 39. Kg2 Rxd4 40. Qb5 $18
) 39. Qa4 Qe7 (39... Rb8 $5 40. Kg2 Rc8 {could be better try.}) 40. Kg2 {
Zugzvang!} Qc7 (40... Rb2 41. Qc6+) 41. Qe8+ Rb8 (41... Qb8 42. Rxa7+ Kxa7 43.
Qa4+) 42. Na6 $1 {Ftacnik: 'The final combination is very nice, black king has
found no rest even on the square a8.'} Qc8 (42... Qd8 {Ftacnik} 43. Rb1 $3 Nb5
(43... Qxe8 {Ftacnik} 44. Nc7#) 44. Qc6+ Ka7 45. Nc7 $18) 43. Qxf7 1-0

[Event "Minneapolis HB Global op"]
[Site "Minneapolis"]
[Date "2005.05.22"]
[Round "9"]
[White "Fernandez, Daniel"]
[Black "Rodriguez Vila, Andres"]
[Result "1-0"]
[WhiteElo "2406"]
[BlackElo "2536"]
[Annotator "Psakhis,L"]
[PlyCount "95"]
[EventDate "2005.05.18"]
[EventType "swiss"]
[EventRounds "9"]
[EventCountry "USA"]
[SourceTitle "CBM 107"]
[Source "ChessBase"]
[SourceDate "2005.08.01"]
[SourceVersion "1"]
[SourceVersionDate "2005.08.01"]
[SourceQuality "1"]

1. e4 e6 2. d4 d5 3. e5 c5 4. c3 Bd7 (4... Nc6 5. Nf3 Qb6 6. a3 Nh6 7. b4 cxd4
8. cxd4 Nf5 9. Be3 ({Black did well after} 9. Bb2 Bd7 10. Be2 Be7 11. O-O Rc8 {
for example:} 12. Qd2 h5 $5 13. Rd1 g5 $1 14. Nxg5 Ncxd4 15. Bd3 Nb3 16. Qf4
Nxa1 17. Bxa1 Rg8 18. h4 Bxg5 19. hxg5 Qd8 {0-1 Das,A-Garma,C/Calcutta
Goodricke op 2001/ (28)}) 9... Bd7 10. Bd3 Rc8 11. O-O Nxe3 12. fxe3 Be7 13.
Nbd2 O-O 14. Nb3 Nb8 $1 {[%cal Gd7b5] Black equalize comfortably after this
strong move. Black's game is quite simple- he wants to exchange light squared
bishops and use open c line for active counter play.} (14... f5 15. exf6 Rxf6
16. Nc5 Bxc5 17. bxc5 Qc7 18. Ng5 h6 19. Rxf6 gxf6 20. Qh5 Be8 21. Qxh6 fxg5
22. Rf1 Qe7 23. Rf8+ Qxf8 24. Qh7# {1-0 Meyer-Junge,R/BL 1992 (24)}) (14... Nd8
15. Qe2 a6 16. Nc5 Bb5 17. Rac1 Bxd3 18. Qxd3 Bxc5 19. Rxc5 Rxc5 20. bxc5 Qc7
21. Rb1 $36 {1-0 Vardanian,H-Manukian,A/Batumi op 2001/Week in Chess 347 (36)})
(14... Qd8 $5 15. Nc5 b6 16. Nxd7 Qxd7 17. Bb5 Qb7 18. Rc1 {1/2-1/2 Kindermann,
S-Huebner,R/BL 0001 2001/ (18)}) 15. Nc5 $6 (15. Qe2 {and just after} a6 16.
Nc5 {was musch stronger, because it will be not so easy for black to push away
white knight from c5}) 15... Bb5 16. h4 $146 (16. Rc1 Bxd3 17. Qxd3 a5 18. Rb1
axb4 19. Rxb4 Qc6 20. Rb5 b6 21. Na4 Nd7 22. Rfb1 Bd8 23. Nb2 Be7 24. Na4 Bd8
$11 {1/2-1/2 Ambroz,J-Meyer,P/BL 1991 (32)}) (16. Rb1 Bxd3 17. Qxd3 Qc6 18.
Rbc1 b6 19. b5 Qe8 20. Nb3 Qd7 21. a4 h6 22. Rf2 Rxc1+ 23. Nxc1 Rc8 24. Rc2 a6
25. Rxc8+ Qxc8 26. Ne2 axb5 27. Qxb5 Qc6 28. Nf4 Bf8 {1/2-1/2 Kontic,D-Kosic,D/
SCG t-ch Herceg Novi 2005/}) 16... Bxd3 17. Qxd3 Qc7 {[%cal Gb7b6]} 18. Rac1 b6
{0-1 Petrov,M-Minasian,A/EUR-ch Ohrid 2001/CBM 84 (40)}) 5. Nf3 Qb6 6. a3 Nc6
7. b4 cxd4 8. cxd4 Rc8 9. Be3 (9. Bb2 Na5 10. Nbd2 Nc4 11. Nxc4 dxc4 12. Rc1 a5
13. Nd2 axb4 14. Nxc4 Qd8 15. axb4 b5 16. Nd6+ Bxd6 17. exd6 Nf6 18. Bd3 Nd5
19. Rc5 O-O 20. Qd2 Qb6 21. O-O Rb8 $13 {0-1 Potze,R-Archangelsky,M/Hoogeveen
op 2002/The Week in Chess 415 (67)}) (9. Be2 a5 10. b5 Nxd4 11. Nxd4 Rxc1 12.
Qxc1 Qxd4 13. Qc3 Bc5 14. O-O Qxc3 15. Nxc3 Bd4 16. Rac1 Bxe5 17. Na4 Ne7 18.
f4 Bd6 19. Kh1 Nf5 20. Nb6 Nd4 21. Bd3 Ke7 22. f5 Rd8 23. a4 exf5 24. Nxd5+ Kf8
25. Nb6 Be6 26. Bc4 Ke7 27. Rfe1 Kf6 28. Bxe6 fxe6 29. Rc8 Rxc8 30. Nxc8 Bb4
31. Rc1 e5 32. Nb6 Ke6 33. Rd1 Bc5 34. Nc4 b6 {0-1 Sanchez,R-Strikovic,A/Isla
de Tenerife op 1999/Ajelibre (34)}) 9... Nh6 10. Bd3 Ne7 $5 (10... Ng4 11. O-O
Be7 12. Ra2 (12. Qd2 f5 13. exf6 Bxf6 14. Nc3 Nxe3 15. fxe3 O-O 16. Rf2 Qc7 17.
Rc1 Ne7 18. Qc2 h6 19. Qb3 Kh8 20. Ne2 Qd6 21. Rcf1 Kg8 22. Ng3 Be8 23. Ne5 Nc6
24. Ng4 Be7 25. Bb1 Rxf2 26. Rxf2 Bg5 27. Qd3 g6 28. Bc2 Qe7 29. e4 h5 30. Ne3
h4 31. Ne2 Nxb4 32. axb4 dxe4 33. Qxe4 Bxe3 34. Qxe3 Rxc2 35. Rf4 h3 36. gxh3 {
1/2-1/2 Movsesian,S-Heberla,B/CZE t-ch 0304 2004/ChessBase (36)}) 12... O-O 13.
Bd2 f5 14. h3 Nh6 15. Bc3 Be8 16. Qd2 a6 17. Rb2 Qc7 18. a4 b5 19. axb5 axb5
20. Bxb5 Nxe5 21. dxe5 Bxb5 {1/2-1/2 Simacek,P-Szymanski,M/Trinec op 2004/
LesEchecs.com (56)}) 11. Qe2 (11. Bxh6 $5 gxh6 12. Qd2 {[%cal Gb1c3]}) (11. O-O
Nhf5 (11... Nef5 12. Qd2 Nxe3 13. fxe3 g6 14. Kh1 Qc7 15. Ra2 Ba4 16. e4 dxe4
17. Bxe4 Nf5 18. Qe1 Bh6 19. Nbd2 Qd7 20. d5 Ne3 21. Rg1 Nxd5 22. Bxd5 Qxd5 23.
Rb2 Bc2 {0-1 Loginov,A-Rychagov,A/Moscow-ch 2000/CA (58)}) 12. g4 Nxe3 13. fxe3
g6 14. Ng5 Bh6 15. h4 O-O 16. Ra2 Bb5 17. Raf2 Bxg5 18. hxg5 Bxd3 19. Qxd3 Kg7
{0-1 Zhumabaev,R-Alavkin,A/Voronezh op 2004 (49)}) 11... Nef5 {As practice has
sufficiently shown, Black doesn't experience any serious problems in this line.
} 12. O-O Be7 13. h3 (13. Nbd2 $5) 13... Nxe3 (13... O-O $13) 14. fxe3 Nf5 (
14... O-O $5 15. g4 Qd8 $1 $13 {[%cal Gf7f6]}) 15. Kh2 (15. Qf2 Bb5 16. Bxb5+
Qxb5 17. g4 Nh6 18. Nbd2 O-O 19. e4 Qd3 20. Qe1 Rc2 21. Rd1 Qxa3 22. g5 dxe4
23. Qxe4 Rxd2 24. Rxd2 Nf5 25. Kh2 Bxb4 26. Re2 Rd8 27. Qxb7 Rxd4 28. Rb1 Bf8
29. Rb3 Qc1 30. Nxd4 Qf4+ 31. Kh1 Nxd4 32. Ree3 Nxb3 33. Qxb3 Qxg5 34. Qc3 a5
35. Rf3 Qh5 36. Kg2 a4 37. Rd3 a3 38. Rd2 Qg5+ {0-1 Giaccio,A-Rodriguez,A/Mar
del Plata op 2001/The Week in Chess 336 (38)}) 15... h5 $5 (15... O-O 16. g4
$140 $6 Nh4 17. Nxh4 Bxh4 18. Nd2 Rc3 $5 19. Nf3 Be7 $15) 16. Nbd2 h4 {[%csl
Rg3]} 17. Rfc1 O-O 18. Qf2 a5 (18... Ng3 $5 19. Nf1 Ne4 20. Bxe4 dxe4 21. Nxh4
g5 22. Ng3 gxh4 23. Nxe4 $132 {[%csl Ge4,Rg8]}) 19. Bxf5 exf5 20. Nxh4 axb4 21.
axb4 Qxb4 22. Rxc8 Bxc8 (22... Rxc8 $6 23. Nxf5) 23. Rd1 {Taking into account
the Black's king position, two White's knights have good chances against
Black's bishops} g6 (23... Qa4 $5 {[%cal Cd1b1,Ch4f5,Ga4c2,Oa4d1,Ga4a2]} 24.
Rc1 Qa2 $13) 24. Qg3 {[%cal Gh4g6]} Kg7 25. Ndf3 Qc3 26. Ng5 {[%csl Gg5,Gh4]
White keeps full control over the kingside but it is still not so easy to
create real threats.} Rh8 (26... b5 $5) 27. e6 $1 Qc6 (27... Qc2 $2 28. Rd2 $1
Qxd2 29. Nxf5+ Kf8 30. Nxe7 $1 $18) ({Another promising possibility was} 27...
f4 $5 28. Qxf4 (28. exf4 Qxg3+ 29. Kxg3 f6 30. Ngf3 Bd6) 28... f6 $13) 28.
Nxf5+ $1 gxf5 29. Nxf7+ Kh7 (29... Kf8 $2 30. Nxh8 Bd6 31. Ng6+ Ke8 32. Nf4 $18
) 30. Qe5 $1 Rg8 $8 31. Qxf5+ Kg7 (31... Rg6 $2 32. Qh5+ Kg7 33. Qh8#) 32. Ng5
Qc7+ $2 {[%csl Rd5] Black has obviously lost the thread.} (32... Qd6+ $142 $5
33. Kh1 Bxg5 34. Qxg5+ Kh7 35. Qh5+ Kg7 36. Qf7+ Kh8 $11) 33. Kh1 Bxg5 (33...
Kh6 34. Nf7+ Kg7 35. Ne5 $18) 34. Qxg5+ Kh8 35. Qxd5 {[%csl Gd4,Ge3,Ge6]
Clearing the path for the central pawns.} Rg6 36. Qh5+ Kg7 37. d5 $18 {White's
positional and material advantage is decisive.} Qc2 (37... Qg3 38. Qe2 b6 39.
e4 $18) 38. Qe5+ Kh7 39. Rg1 Qc4 40. e4 (40. e7 $5 Bd7 (40... Bxh3 41. Qh5+ Kg7
42. Qxg6+ Kxg6 43. e8=Q+) 41. e8=Q Bxe8 42. Qxe8 Qxd5 43. Qe7+ Rg7 44. e4 $18)
40... Qe2 (40... Bxe6 $5) 41. Qc7+ Rg7 42. Qxc8 Qxe4 43. Qf8 $1 {Avoiding trap:
} (43. d6 $143 $2 Rxg2 44. Rxg2 Qe1+ 45. Rg1 Qe4+ 46. Kh2 Qe5+ $11) 43... Qxd5
44. e7 Rg3 45. Kh2 (45. Qc8 $5) 45... Qe5 46. e8=Q Rxh3+ 47. Kxh3 Qg3+ {
Just final joke!} 48. Kxg3 1-0

[Event "Santiago Entel Cup 2nd"]
[Site "Santiago de Chile"]
[Date "2005.03.16"]
[Round "3"]
[White "Vasquez Schroder, Rodrigo Rafael"]
[Black "Rojas Keim, Luis Alberto"]
[Result "1/2-1/2"]
[WhiteElo "2561"]
[BlackElo "2379"]
[Annotator "Psakhis,L"]
[PlyCount "59"]
[EventDate "2005.03.15"]
[EventType "tourn"]
[EventRounds "13"]
[EventCountry "CHI"]
[EventCategory "9"]
[SourceTitle "CBM 106"]
[Source "ChessBase"]
[SourceDate "2005.06.06"]
[SourceVersion "1"]
[SourceVersionDate "2005.06.06"]
[SourceQuality "1"]

1. e4 e6 2. d4 d5 3. e5 c5 4. c3 Nc6 5. Nf3 Bd7 6. Be2 f6 (6... Nh6 $5) ({or} 
6... Nge7) 7. O-O fxe5 8. Nxe5 ({Worth considering was} 8. dxe5 $5 {keeping
the knights on the board, for example} Qc7 9. c4 d4 10. Bf4 h6 11. Bd3 O-O-O
12. Nbd2 g5 13. Bg3 Be8 14. a3 Bh5 15. Qa4 Bg7 16. b4 g4 17. b5 gxf3 18. bxc6
b6 {1-0 Motylev,A-Guid,M/Wch students Argentina 1997 (26)}) 8... Nxe5 (8... Nf6
) 9. dxe5 Qc7 10. c4 (10. Re1 O-O-O 11. Bf4 Ne7 $13) (10. f4 $5 O-O-O (10...
Ne7 11. Nd2 Nf5 12. Nf3 h5 13. Bd3 g6 14. Qe1 Be7 15. Be3 O-O-O 16. Bf2 Kb8 17.
b4 Rc8 $13 {1/2-1/2 Shaw,J-Hebert,J/Yerevan olm 1996/ChessBase (38)}) 11. c4
Ne7 12. Nc3 Bc6 13. Bg4 Qd7 $13) (10. Bh5+ $5) 10... d4 (10... Ne7 11. Nc3 d4 (
11... Qxe5 12. Re1 O-O-O 13. Bg4 Qf6 14. Nb5 a6 15. Nd6+ Kc7 16. Qb3 Kxd6 17.
Qb6+ Nc6 18. cxd5 Kxd5 19. Bg5 Qxg5 20. Rad1+ Nd4 21. Bxe6+ {1-0 Dvoirys,
S-Naumkin,I/Cappelle la Grande op 2001/}) 12. Ne4 ({Worth considering was} 12.
Nb5 $5 {for example} Bxb5 13. cxb5 Qxe5 14. Re1 {with good chances for
initiative.}) 12... Qxe5 13. Re1 (13. Bf3 Nc6 14. Re1 Be7 15. Bg4 Qc7 16. Qf3
O-O-O 17. Qh3 e5 18. a3 h5 19. Bxd7+ Qxd7 20. Qd3 Rhf8 21. Bd2 $44 {Sandipan,
C-Alekseev,V/Senden op 2002/1-0 (51)}) 13... O-O-O 14. Bf3 $146 (14. Ng5 Qf6
15. Ne4 Qe5 16. Ng5 Qf6 17. Ne4 Qe5 {1/2-1/2 Shugalya,I-Raidna,R/corr 2002/
Telechess CBM 91 (17)}) 14... Re8 (14... Bc6 $5 15. Bd2 {[%cal Ge4g5]}) 15. b4
$1 {Milos managed to find a clue to the position!} cxb4 (15... Bc6 $2 16. bxc5
Bxe4 17. Rxe4 Qf6 18. Rxd4 $18) 16. a3 {Playing in gambit style, Milos got
dangerous initiative.} (16. c5 Nd5 17. Nd6+ Bxd6 18. Rxe5 Bxe5 $132) 16... Nc6
17. axb4 ({It's quite possible, that} 17. c5 $5 {is even stronger than the
move in the game. A possible continuation is} Bxc5 18. Nxc5 Qxc5 19. axb4 Qxb4
20. Ba3 Qb5 21. Bd6 $40 {[%csl Rc8,Gd6,Gf3]}) 17... Bxb4 18. Bd2 Bxd2 (18...
Be7 $5) 19. Qxd2 $36 {1/2-1/2 Milos,G-Rodriguez,A/Santos Mario Covas 2003/CBM
95/[Psakhis] (47)}) (10... Qxe5 11. cxd5 Qxd5 12. Qc2 $44) 11. Bd3 $146 (11.
Re1 Ne7 (11... O-O-O 12. Bf3 h6 13. Bf4 g5 14. Bg3 Ne7 15. Nd2 Bg7 16. Ne4 Bxe5
17. Bxe5 Qxe5 18. b4 cxb4 19. c5 Kb8 20. Nd6 Qf6 21. Nxb7 g4 22. Be4 Rdf8 23.
Qd2 Nd5 24. Na5 Kc7 25. c6 Bc8 26. Bxd5 exd5 {Morris,P-Webster,A/London NW
1990/ChessBase/1-0 (36)}) 12. Bg5 O-O-O 13. Bf3 h6 14. Bh4 g5 15. Bg3 Nf5 16.
Nd2 Nxg3 17. hxg3 Bg7 18. Qe2 h5 19. Ne4 Qxe5 20. Bxh5 d3 21. Qxd3 Bc6 22. Qe2
Qxe4 {0-1 Rehm,M-Levy,R/Dornbirn op 1988/ChessBase}) (11. Bf4 Ne7 (11... O-O-O
12. Nd2 Bc6 13. Bd3 {I don't like this move, and White had good reasons to
exchange the light-coloured bishops, playing} (13. Bf3 $5 {for example} Ne7 14.
Be4 Ng6 15. Bg3 $14) 13... g5 $5 14. Bg3 ({It will be interesting to check} 14.
Bxg5 $5 {with the possible continuation} Qg7 15. Qg4 $1 h6 (15... Be7 16. Ne4
Bxe4 17. Bxe4 Qxg5 18. Qxe6+ Kc7 19. f4 Qh6 20. Qg4 $36 {[%cal Gf1f3,Gf3b3]})
16. Qxe6+ Bd7 17. Bf6 Bxe6 18. Bxg7 Bxg7 19. f4 $44 {with good compensation
for the pawn.}) 14... h5 $1 15. h3 (15. h4 gxh4 16. Bxh4 Be7 {[%csl Rg1]})
15... g4 16. hxg4 $146 ({Black did very well after} 16. h4 Nh6 $1 {[%cal Gh6f5]
} 17. Ne4 Nf5 18. Ng5 Nxg3 $1 19. Nxe6 (19. fxg3 Qxe5 20. Qe1 $1) 19... Qxe5
20. Re1 Ne4 $1 21. Nxd8 Bd6 22. g3 Rxd8 $17 {0-1 Smeets,J-Rogers,I/NED t-ch
0001 2001 (38)}) 16... h4 $1 {Black sacrifices a pawn, but the attack, which
he gets more than compensates for the material deficit.} 17. Bh2 (17. Bf4 Bg7
$5 {[%cal Gd8f8]} (17... h3 18. Be4 hxg2 19. Kxg2 Ne7 20. Bg3 $13)) 17... h3
18. f4 {Jonkman takes too much risk - his kingside lacks protection and to
allow Black to creat serious threats on the king's side.} (18. gxh3 Rxh3 {
[%cal Gc7e5]} 19. Qe2 Bg7 20. f3 Ne7 $40 {[%cal Rd8h8]}) ({A safer move is} 18.
f3 $5 $13) 18... hxg2 19. Rf2 Qg7 $1 {0-1 Jonkman,H-Smeets,J/Groningen
Harmonie 2002/CBM 93/[Psakhis] (30) White should have stuck to a passive
defense}) 12. Nd2 Ng6 (12... Nf5 13. Bd3 Be7 14. Ne4 O-O (14... O-O-O $5) 15.
Qg4 $16 Kh8 (15... g6) 16. Qh3 $1 Qd8 17. Bd2 {[#C5 g4]} Be8 (17... g6 $5 18.
g4 Ng7 19. Nxc5 $140 Bxc5 20. Bxg6 h5) 18. g4 Nh4 19. f4 $18 Bg6 20. Be1 h6 21.
Bxh4 Bxh4 22. f5 $1 Bf7 (22... Bh7 23. Nxc5 $18) 23. fxe6 {1-0 Zaitsev,
I-Tarjan,J/Quito 1977/ChessBase} (23. fxe6 Bxe6 24. Rxf8+ {#C5 #CAh4})) 13. Bh5
Bc6 14. Bxg6+ hxg6 15. Bg3 Qf7 16. Re1 Qf5 17. Qb3 Be7 18. f3 O-O 19. Ne4 g5
20. h3 $14 {1-0 Cherniaev,A-Mostafavi,K/St-Jean op 2002 (36)}) 11... O-O-O (
11... Qxe5 12. Re1 Qf6 13. Nd2 $44 {[%cal Gd2e4]}) 12. f4 {[%csl Ge5]} Ne7 {
[%cal Ge7f5,Gf5e3]} 13. Nd2 (13. Na3 $5 Nf5 14. Nc2 {[%cal Ga2a3,Gb2b4]}) 13...
Nf5 14. Ne4 Be7 15. Qe2 $14 {[%csl Ge4] White completed his development and
has some advantage now: more space and more active pieces.} Bc6 16. a3 $146 (
16. Bd2 h6 17. a3 g5 18. b4 gxf4 19. Bxf4 Ne3 20. Bxe3 dxe3 21. b5 Be8 22. Qxe3
Qxe5 23. Rae1 Bh4 24. Nxc5 Qd4 25. Qxd4 Rxd4 26. Re4 Be7 27. Nxe6 Rxd3 28. Kh1
Bxa3 29. c5 Bxb5 {0-1 Camara,T-Sega,C/Sao Paulo Itau Cup 2001/}) 16... b6 17.
Bd2 {That natural move allows black to consolidate his position.} ({() In case
of the aggressive} 17. b4 $5 cxb4 18. axb4 Bxb4 19. Ba3 $1 {Vasquez could get
serious initiative, for example:} (19. c5 $143 Bxe4 (19... bxc5 20. g4 $5) 20.
Qxe4 Bxc5 21. Bc4 $132) 19... Bxa3 20. Rxa3 Bxe4 21. Qxe4 Ne3 22. Rfa1 $40)
17... Qb7 18. Rae1 (18. b4 Ne3 19. Bxe3 dxe3 (19... Bxe4 20. Bd2 $14) 20. Nd6+
Bxd6 21. exd6 Rxd6 22. Qxe3 Bxg2) 18... Rd7 19. b4 $1 Ne3 $8 20. Bxe3 dxe3 (
20... Bxe4 21. Bd2 Bxd3 22. Qxd3 {[%cal Gf4f5]} g6 23. b5 $36 {[%cal Ga3a4,
Ga4a5]}) 21. Nd6+ ({A natural development of the initiative could have been
achieved by} 21. Qxe3 $142 $5 cxb4 (21... Rhd8 $5) 22. Nd6+ Bxd6 23. exd6 Rxd6
24. axb4 Bxg2 25. Rf2 $40 {[%cal Of2g2,Cb7d7,Cd6d3,Gc4c5]}) 21... Bxd6 22. exd6
Rxd6 23. Qxe3 Bxg2 24. Rf2 Bc6 ({Perhaps Black should have considered} 24...
Qd7 $5 {[%cal Od6d3,Cf2g2,Gg2a8]} 25. Rd2 Rd8 26. Kxg2 Rxd3 27. Rxd3 Qxd3 28.
Qxe6+ Kb7 $13) 25. bxc5 bxc5 26. Rb1 (26. Bf1 $5 $14 {[%cal Oe3c5,Gf1h3]})
26... Qc7 27. Rfb2 Rhd8 28. Bf1 (28. Rb8+ Qxb8 29. Rxb8+ Kxb8 30. Qxc5 Kb7 $15)
28... Qf7 $11 29. Qxc5 Qg6+ 30. Qg5 $6 ({Vasquez could make an easy draw after
} 30. Kf2 $5 Rd2+ 31. Rxd2 Rxd2+ 32. Ke1 Qxb1+ 33. Kxd2 $11 {and this is
already maximum what White can get.}) ({The text move is just weak - in case of
} 30. Qg5 e5 $1 $15 {Black's chances are higher already.}) 1/2-1/2